UBT Library

The Almanac of American politics. (Record no. 43630)

000 -LEADER
fixed length control field 01661cas a2200433 a 4500
001 - CONTROL NUMBER
control field 11162303
005 - DATE AND TIME OF LATEST TRANSACTION
control field 20180227082950.0
008 - FIXED-LENGTH DATA ELEMENTS--GENERAL INFORMATION
fixed length control field 760922c19729999ilugr 0 a0eng c
010 ## - LIBRARY OF CONGRESS CONTROL NUMBER
LC control number 70160417
016 7# - NATIONAL BIBLIOGRAPHIC AGENCY CONTROL NUMBER
Record control number 000260624
Source IsJJNL
022 0# - INTERNATIONAL STANDARD SERIAL NUMBER
International Standard Serial Number 0362-076X
Source 1
035 ## - SYSTEM CONTROL NUMBER
System control number (OCoLC)ocm02456882
040 ## - CATALOGING SOURCE
Original cataloging agency COO
Language of cataloging eng
Transcribing agency COO
Modifying agency NSD
-- DLC
-- OCL
-- DLC
-- OCL
-- NST
-- NSD
-- NST
-- HUL
-- OCL
-- NST
-- OCL
-- NST
-- OCL
-- NST
-- OCL
-- NST
-- DLC
-- NST
-- GUA
-- OCL
-- IUL
-- OCL
-- AGL
-- HUL
-- SYS
-- OCL
-- CLU
-- GUA
-- CO3
-- OCLCQ
-- CUS
-- CGU
-- EYP
-- DLC
-- QS8
-- YDXCP
-- OCLCF
-- J9U
-- N15
-- YU0
-- OCLCO
-- COD
-- OCLCO
-- OCL
-- I8M
-- OCLCQ
-- CSJ
-- OCLCO
-- OCLCQ
-- OCLCO
041 ## - LANGUAGE CODE
Language code of text/sound track or separate title eng
042 ## - AUTHENTICATION CODE
Authentication code nsdp
-- pcc
043 ## - GEOGRAPHIC AREA CODE
Geographic area code n-us---
070 0# - NATIONAL AGRICULTURAL LIBRARY CALL NUMBER
Classification number JK1012
Item number .A4
080 ## - UNIVERSAL DECIMAL CLASSIFICATION NUMBER
Universal Decimal Classification number 328.73005 BAR
082 00 - DEWEY DECIMAL CLASSIFICATION NUMBER
Classification number 328.73005 BAR
Edition number 22
100 ## - Rafti
Rafti 20
101 ## - Shkurtesa
Shkurtesa POL
210 0# - ABBREVIATED TITLE
Abbreviated title Alm. Am. polit.
222 #4 - KEY TITLE
Key title The Almanac of American politics
245 04 - TITLE STATEMENT
Title The Almanac of American politics.
310 ## - CURRENT PUBLICATION FREQUENCY
Current publication frequency Biennial
362 0# - DATES OF PUBLICATION AND/OR SEQUENTIAL DESIGNATION
Dates of publication and/or sequential designation 1972-
590 ## - LOCAL NOTE (RLIN)
Local note SERBIB/SERLOC merged record
648 #7 - SUBJECT ADDED ENTRY--CHRONOLOGICAL TERM
Chronological term Since 1945
Source of heading or term fast
776 08 - ADDITIONAL PHYSICAL FORM ENTRY
Display text Online version:
Title Almanac of American politics
International Standard Serial Number 2328-5257
Record control number (DLC) 2013200874
-- (OCoLC)298724562
906 ## - LOCAL DATA ELEMENT F, LDF (RLIN)
a 7
b cbc
c serials
d 3
e ncip
f 19
g n-oclcserc
942 ## - ADDED ENTRY ELEMENTS (KOHA)
Source of classification or shelving scheme
Item type Books
Holdings
Withdrawn status Lost status Source of classification or shelving scheme Damaged status Not for loan Collection code Permanent location Current location Shelving location Date acquired Total Checkouts Full call number Barcode Date last seen Price effective from Koha item type
          Koleksioni i përgjithshem UBT - Lipjan UBT - Lipjan Koleksioni i përgjithshem 02/27/2018   328.73005 BAR 002-3000247 02/27/2018 02/27/2018 Books
UBT Library © 2015-2024. All rights reserved University Education for Business and Technology